LEADER 00858nam a2200205 i 4500 001 000000244312 003 CaOOAMICUS 005 20150803000000.0 008 150803s1768 it u000 u ita u 013 $a223217 026 $al'li u-el i,no nach (3) 1768 (R) 040 $aSeMil$bita 245 10$aTomo 3. 300 $a200 p. 500 $aSegn. : A-M8 N4. 773 0 $aAlletz, Pons-Augustin <1703-1803>$tDizionario portatile della teologia tradotto dal francese nell'italiano, ed accresciuto di note, e di articoli dal p. abate d. Prospero dell'Aquila ... Tomo 1. [-3.].$dIn Venezia : Presso Tommaso Bettinelli, 1768.$g3$w()32344 850 $aSeMil 852 $aSeMil$W1$xVenegono$y1$m3F III 364 FA$j194658$B194658$CSeMilBibl$Z2$F205185 $8I 961 $aRecupero: Biblioteca Seminario Duomo 996 $6245$aTomo 3$9(OLS)http://semarc/title/53129 LEADER 00557nam a2200169 i 4500 001 000000211299 003 CaOOAMICUS 005 20120227000000.0 008 120227s1831 it u000 u ita u 013 $a190112 040 $aSeMil$bita 245 10$aVol. 2. 300 $a190 p. 773 0 $aGozzi, Gasparo <1713-1786>$tNovelle.$bEd. correttissima.$dBrescia : Dalla Tip. Venturini, 1831.$g2$w()26348 850 $aSeMil 852 $aSeMil$W1$xVenegono$y1$m1S I 8 FA$j161739$B161739$CSeMilBibl$Z2$F173069 $8I 996 $6245$aVol. 2$9(OLS)http://semarc/title/13458